| 000 | 00803nam a22002657a 4500 | ||
|---|---|---|---|
| 001 | BR9607547 | ||
| 003 | BR-BrBNA | ||
| 005 | 20230928095323.0 | ||
| 007 | ta | ||
| 008 | 230509b bl.||||| |||| 00| 0 por d | ||
| 040 |
_aBR-BrBNA _bpor _cBiblioteca Nacional de Agricultura |
||
| 041 | _a(Por) | ||
| 072 |
_aF01 _b1160 |
||
| 090 | _ 1160 BR9607547 | ||
| 110 | 1 |
_aServico Brasileiro de Apoio as Micro e Pequenas Empresas, Fortaleza, CE (Brasil) _99280 |
|
| 110 | 1 | _aEmpresa Brasileira de Pesquisa Agropecuaria, Brasilia, DF (Brasil) | |
| 245 | 1 | _aColhendo o caju com qualidade | |
| 260 | 3 |
_aFortaleza, CE (Brasil): _bSEBRAE/EMBRAPA, _c1996. |
|
| 500 | _a20 illus. | ||
| 650 | _aCaju | ||
| 650 | _aPratica Cultural | ||
| 650 | _aSecagem | ||
| 909 |
_a202309 _bLucia _c55 _dLucia Elande |
||
| 942 | _cBK | ||
| 999 |
_c55868 _d55868 |
||